000 00501nam a2200193Ia 4500
003 GCL
008 140319s9999 xx 000 0 eng d
040 _aGCL /
_cGCL
082 0 4 _a338.782
_bG I
100 1 _aGEORGIA, LOWELL
245 1 0 _aINTO THE WILDERNESS /
_cGEORGIA, LOWELL
700 1 _aTOM HALL, H.
260 _a[S.N] :
_bNATIONAL GEOGRAPHIC SOCIETY ،
_c1987
300 _a207 P
650 0 4 _aUNITED STATES
650 0 4 _aHISTORY
650 0 4 _aDESCRIPTION AND TRAVEL
942 _2ddc
_cBK
999 _c20650
_d20650